Reologické vlastnosti vybraných druhov materiálov s polymérnou matricou
Gespeichert in:
| 1. Verfasser: | |
|---|---|
| Weitere Verfasser: | |
| Format: | Manuskript Buch |
| Sprache: | Slowakisch |
| Veröffentlicht: |
2018
|
| Schlagworte: | |
| Online-Zugang: | http://is.stuba.sk/zp/portal_zp.pl?podrobnosti=146422 |
| Tags: |
Keine Tags, Fügen Sie das erste Tag hinzu!
|
MARC
| LEADER | 00000ntm a22000003a 4500 | ||
|---|---|---|---|
| 001 | stuzp68689 | ||
| 003 | SK-STU | ||
| 005 | 20180820160547.7 | ||
| 007 | ta | ||
| 008 | 150427s2015----xo-----f-mn---000-0-slo-d | ||
| 040 | |a STU |b slo | ||
| 041 | 0 | |a slo | |
| 100 | 1 | |a Duračka, Šimon |u 061000 |4 aut |U MTF Materiálovotechnologická fakulta |T MTF Ústav materiálov |X 82816 |U M1000 |Y 81 |7 82816 | |
| 242 | 0 | 1 | |a Rheological properties of selected kind polymer based materials |y eng |
| 245 | 1 | 0 | |a Reologické vlastnosti vybraných druhov materiálov s polymérnou matricou |
| 260 | |c 2018 | ||
| 650 | 4 | |a polymér |2 slo | |
| 650 | 4 | |a kompozit |2 slo | |
| 650 | 4 | |a kaučuk |2 slo | |
| 650 | 4 | |a vulkanizácia |2 slo | |
| 650 | 4 | |a reológia |2 slo | |
| 650 | 4 | |a polymer |2 eng | |
| 650 | 4 | |a composite |2 eng | |
| 650 | 4 | |a rubber |2 eng | |
| 650 | 4 | |a vulcanization |2 eng | |
| 650 | 4 | |a rheology |2 eng | |
| 700 | 1 | |a Bošák, Ondrej |u 061000 |k Z1 |4 ths |U MTF Materiálovotechnologická fakulta |T MTF Ústav materiálov |X 1546 |U M1000 |Y 81 |7 A000001546 | |
| 856 | 4 | |u http://is.stuba.sk/zp/portal_zp.pl?podrobnosti=146422 | |
| 996 | |c M* BP-8266 |l MMSKP |s P |a 0 |w stuzp68689_0001 | ||